2025/26 Meilleurs Buteurs de Ligue 1 - Statistiques

Statistiques générales
  • Ce quiz a été pris 46 fois
  • Le résultat moyen est 15 sur 19
Statistiques - réponses
Goals Team Country Goalscorer % Correct
16 Olympique de Marseille England Mason Greenwood
100%
11 Paris Saint-Germain France Bradley Barcola
96%
21 Angers SCO France Esteban Lepaul
96%
10 Paris Saint-Germain France Ousmane Dembélé
96%
11 RC Lens France Florian Thauvin
93%
13 AS Monaco United States Folarin Balogun
91%
10 Olympique de Marseille Gabon Pierre-Emerick Aubameyang
89%
16 Racing Strasbourg Argentina Joaquín Panichelli
87%
11 Olympique Lyonnais France Corentin Tolisso
82%
9 Paris FC Algeria Ilan Kebbal
82%
11 AS Monaco Spain Ansu Fati
80%
12 RC Lens France Odsonne Édouard
80%
11 Olympique Lyonnais Czech Republic Pavel Šulc
78%
10 FC Lorient Senegal Bamba Dieng
64%
12 AJ Auxerre Mali Lassine Sinayoko
60%
12 RC Lens France Wesley Saïd
56%
9 Stade Brestois 29 France Romain Del Castillo
47%
10 FC Lorient France Pablo Pagis
44%
10 Racing Strasbourg Ivory Coast Michael Godo
42%
Aucun quiz correspondant
Distribution des résultats
% des personnes avec chaque résultat
Percentile par nombre de réponses
Votre historique - résultats
Vous n’avez pas pris ce quiz